The steel industry in W. Europe present recession and medium term prospects

Uloženo v:
Podrobná bibliografie
Médium: Kniha
Jazyk:Undetermined
Vydáno: Geneva Euro Economics 1975
Témata:
Tagy: Přidat tag
Žádné tagy, Buďte první, kdo otaguje tento záznam!
Thư viện lưu trữ: Trung tâm Học liệu Trường Đại học Cần Thơ
LEADER 00483nam a2200169Ia 4500
001 CTU_99634
008 210402s9999 xx 000 0 und d
082 |a 338.47669 
082 |b S813 
245 4 |a The steel industry in W. Europe present recession and medium term prospects 
260 |a Geneva 
260 |b Euro Economics 
260 |c 1975 
650 |a Steel industry and trade 
650 |z Europe 
904 |i Truc 
980 |a Trung tâm Học liệu Trường Đại học Cần Thơ